| 000 | 01029cam a22003014a 4500 | ||
|---|---|---|---|
| 999 |
_c7391 _d7391 |
||
| 001 | 7391 | ||
| 003 | BD-JhCC | ||
| 005 | 20180208130317.0 | ||
| 008 | 050907s2006 nyua 001 0 eng | ||
| 020 | _a0810992361 (pbk. without flaps) | ||
| 020 | _a9780810992368 | ||
| 035 | _a(BD-JhCC)7391 | ||
| 040 |
_aDLC _cDLC _dYDX _dBAKER _dOCO _dDLC _dBD-JhCC |
||
| 041 | _aeng | ||
| 050 | 0 | 0 |
_aN7433.8 _b.R35 2006 |
| 082 | 0 | 0 |
_a776 _222 _bRAI 2006 |
| 100 | 1 | _aRaimes, Jonathan. | |
| 245 | 1 | 4 |
_aThe digital canvas : _bdiscovering the art studio in your computer / _cJonathan Raimes ; foreword by Malcolm Garrett. |
| 260 |
_aNew York : _bAbrams, _c2006. |
||
| 300 |
_a192 p. : _bchiefly col. ill. ; _c26 cm. |
||
| 440 | 0 | _aAbrams studio | |
| 500 | _aIncludes index. | ||
| 650 | 0 |
_aComputer art _xTechnique |
|
| 856 | 4 | 1 |
_3Table of contents _uhttp://www.loc.gov/catdir/toc/ecip0519/2005025958.html |
| 856 | 4 | 2 |
_3Publisher description _uhttp://www.loc.gov/catdir/enhancements/fy0630/2005025958-d.html |
| 942 |
_2ddc _cBK |
||